| 000 | 01495nam a2200385 a 4500 | ||
|---|---|---|---|
| 001 | 000115095 | ||
| 003 | CHAP | ||
| 005 | 20220329144515.0 | ||
| 008 | 181003s2018 mx a sm |||||||spa d | ||
| 010 | _a111556 | ||
| 011 | _a112528 | ||
| 040 | _cCHAP | ||
| 090 | _aTesis | ||
| 100 | 1 |
_aJesús Esteban, Omar de. _9135917 |
|
| 245 | 1 | 0 |
_aDiagnóstico y recomendación de fertilización para maíz en Pedro Escobedo, Qro. a partir de análisis de suelos, más aplicación de aminoácidos / _h[En línea] _cpor Omar de Jesús Esteban. |
| 260 |
_aChapingo, Méx. : _bEl autor, _c2018. |
||
| 500 | _aPara ver el contenido del material haga clic en la liga | ||
| 502 | _aTesis (Ing. Agr. Esp. en Suelos) -- UACH. Departamento de Suelos | ||
| 590 |
_aBATCH-UPD _b10 _c20190604 _lUCH01 _h1139 |
||
| 590 |
_aE11695DGD _b10 _c20190604 _lUCH01 _h1138 |
||
| 590 |
_aE11695DGD _b10 _c20190604 _lUCH01 _h1139 |
||
| 590 |
_aE8697GMM _b05 _c20181003 _lUCH01 _h1221 |
||
| 590 |
_aE8697GMM _b05 _c20181003 _lUCH01 _h1223 |
||
| 590 |
_aE8697GMM _b05 _c20181003 _lUCH01 _h1442 |
||
| 590 |
_aE8697GMM _b05 _c20181130 _lUCH01 _h1159 |
||
| 590 |
_aE8697GMM _b05 _c20190516 _lUCH01 _h1448 |
||
| 650 | 1 | 4 |
_aFertilizantes _xAplicación. _940450 |
| 650 | 1 | 4 |
_aFertilizantes _xEfecto en maíz. _940527 |
| 650 | 1 | 4 |
_aFertilizantes _xEfecto en suelos. _940553 |
| 650 | 1 | 4 |
_aSuelos _xFertilidad. _9110367 |
| 856 |
_aFinding aid _uhttp://10.13.5.2/tesis/sist115095.pdf _zTeclea aquí |
||
| 901 | _aBK | ||
| 942 | _cTESIS | ||
| 942 | _n0 | ||
| 999 |
_c111556 _d111556 |
||